000 00703nam a2200217Ia 4500
005 20241129110959.0
008 241129s9999||||xx |||||||||||||| ||und||
020 _a978-0-19-285972-3
037 _aTB
040 _aCRL
_beng
_cCRL
041 _aeng
_2eng
084 _aV275:51 R2
_qCRL
100 _aBandyopadhyay Sekhar Au.; Chaudhury Anasua Basu Ray Au.
_9726269
245 0 _aCaste and partition in Bengal: the story of dalit refugees, 1946-1961
_cBandyopadhyay Sekhar Au.; Chaudhury Anasua Basu Ray Au.
260 _aOxford, UK
_bUniversity Press
_c2022
300 _ax,272p.
365 _aINR
_b1495
650 _aHISTORY
942 _cTB
_hV275:51 R2
999 _c1228381
_d1228381